00856nam a2200229 a 4500001001000000003000500010005001700015008004100032010001100073011001100084040000900095100003200104245015300136260003900289500006000328502009000388650002300478650001800501650002600519650001100545856007000556000113429CHAP20220329144354.0170622s2016 mx a fsm |||||||spa d a109890 a110862 cCHAP1 aJuárez Ramos, Julio Cesar10aFormas tradicionales de control de la tuza en cuatro comunidades del municipio de Totutla, Veracruz /h[En línea]cpor Julio Cesar Juárez Ramos. aHuatusco, Ver. :bEl autor,c2016. aPara ver el contenido del material haga clic en la liga aTesis (Ing. Agr. Esp. en Zonas Tropicales) -- UACH. Centros Regionales Universitarios14aControl de plagas.14aRodenticidas.14aRoedoresxExterminio.14aTuzas. aFinding aiduhttp://10.13.5.2/tesis/sist113429.pdfzTeclea aquí